MARC details
| 000 -CABECERA |
| campo de control de longitud fija |
02492nam a2200325 a 4500 |
| 001 - NÚMERO DE CONTROL |
| campo de control |
000014977 |
| 003 - IDENTIFICADOR DEL NÚMERO DE CONTROL |
| campo de control |
DO-SdBNP |
| 005 - FECHA Y HORA DE LA ÚLTIMA TRANSACCIÓN |
| campo de control |
20250403121118.0 |
| 008 - DATOS DE LONGITUD FIJA--INFORMACIÓN GENERAL |
| campo de control de longitud fija |
100128s2005 dr 001 0 spa d |
| 020 ## - NÚMERO INTERNACIONAL ESTÁNDAR DEL LIBRO |
| Número Internacional Estándar del Libro |
9993442364 |
| 040 ## - FUENTE DE LA CATALOGACIÓN |
| Centro catalogador/agencia de origen |
DO-SdBNP |
| Lengua de catalogación |
spa |
| Centro/agencia transcriptor |
BNPHU |
| 082 ## - NÚMERO DE LA CLASIFICACIÓN DECIMAL DEWEY |
| Número de clasificación |
868.5 |
| Número de documento/Ítem |
D598c |
| 111 1# - ENTRADA PRINCIPAL--NOMBRE DE CONGRESO/REUNIÓN |
| Nombre de congreso/reunión o jurisdicción como elemento de entrada |
Dirección General de la Feriadel Libro |
| 9 (RLIN) |
33903 |
| 245 10 - MENCIÓN DE TÍTULO |
| Título |
Coloquios 2004 / |
| Mención de responsabilidad, etc. |
Julio Adames ... [et al.] ; editor José M. Fernández Pequeño ; presentación Alejandro Arvelo ;. |
| 260 ## - PUBLICACIÓN, DISTRIBUCIÓN, ETC. |
| Lugar de publicación, distribución, etc. |
Santo Domingo : |
| Nombre del editor, distribuidor, etc. |
Ferilibro, |
| Fecha de publicación, distribución, etc. |
2005. |
| Fabricante |
Búho |
| 300 ## - DESCRIPCIÓN FÍSICA |
| Extensión |
182 p. ; |
| Dimensiones |
24 cm. |
| 490 1# - MENCIÓN DE SERIE |
| Mención de serie |
Ferilibro |
| Designación de volumen o secuencia |
no. 70 |
| 500 ## - NOTA GENERAL |
| Nota general |
Incluye referencias bibliográficas y notas al pie de las páginas |
| 505 0# - NOTA DE CONTENIDO CON FORMATO |
| Nota de contenido con formato |
Presentación /Alejandro Arvelo -- Ismos y vanguardias en Puerto Rico y Santo Domingo en la primera mitad del siglo XX (influencias y referencias) / Manuel Mora Serrano -- Relaciones históricas entre la República Dominicana y Puerto Rico / Fernando Pérez Memén -- Aporte de la inmigración puertorriqueña en San Pedro de Macorís / Miguel Phipps -- El conflicto del ser en la dramaturgia puertorriqueña / Noé Zayas -- El cuento en Puerto Rico / Virgilio López Azuán -- Ejes de construcción en los espacios de la narrativa dominicana: La tarde en que murió Estefanía / Pura Emeterio Rondón -- Pablo Neruda: La llama múltiple / Adrián Javier -- Divagaciones en torno a los Veinte poemas de amor y una canción desesperada de Pablo Neruda / León David -- Poética y presencia de Pablo Neruda en República Dominicana / Víctor Villegas -- Pablo Neruda: Soledad confesada / Bernardo Silfa Bor -- Pablo Neruda: Galope muerto / Julio Adames -- Periplo nerudiano de un dominicano: Del versainograma a Santo Domingo al huracán Neruda / José del Castillo -- El presente de las escritoras / Ana Almonte -- Literatura y artes visuales: la inscripción abierta del ojo. Signos, emblemas y textos artísticos / Odalis G. Pérez -- Periodismo, cultura y literatura / Rafael P. Rodríquez -- Los autores. |
| 600 14 - PUNTO DE ACCESO ADICIONAL DE MATERIA--NOMBRE DE PERSONA |
| Nombre de persona |
Neruda, Pablo, |
| Fechas asociadas al nombre |
1904-1973 |
| Subdivisión general |
Crítica e interpretación |
| 9 (RLIN) |
33904 |
| 650 #4 - PUNTO DE ACCESO ADICIONAL DE MATERIA--TÉRMINO DE MATERIA |
| Término de materia o nombre geográfico como elemento de entrada |
Literatura dominicana |
| Subdivisión general |
Historia y crítica |
| 9 (RLIN) |
159 |
| 650 #4 - PUNTO DE ACCESO ADICIONAL DE MATERIA--TÉRMINO DE MATERIA |
| Término de materia o nombre geográfico como elemento de entrada |
Literatura puertorriqueña |
| Subdivisión general |
Historia y crìtica |
| 9 (RLIN) |
2838 |
| 650 #0 - PUNTO DE ACCESO ADICIONAL DE MATERIA--TÉRMINO DE MATERIA |
| Término de materia o nombre geográfico como elemento de entrada |
Ensayos dominicanos |
| 9 (RLIN) |
65 |
| 650 #4 - PUNTO DE ACCESO ADICIONAL DE MATERIA--TÉRMINO DE MATERIA |
| Término de materia o nombre geográfico como elemento de entrada |
Ensayos puertorriqueños |
| 9 (RLIN) |
8892 |
| 700 1# - PUNTO DE ACCESO ADICIONAL--NOMBRE DE PERSONA |
| Nombre de persona |
Fernández Pequeño, José |
| 9 (RLIN) |
2067 |
| 700 1# - PUNTO DE ACCESO ADICIONAL--NOMBRE DE PERSONA |
| Nombre de persona |
Adames, Julio |
| 9 (RLIN) |
33905 |
| 700 1# - PUNTO DE ACCESO ADICIONAL--NOMBRE DE PERSONA |
| Nombre de persona |
Arvelo, Alejandro |
| 9 (RLIN) |
147 |
| 830 #0 - PUNTO DE ACCESO ADICIONAL DE SERIE-TÍTULO UNIFORME |
| Título uniforme |
Ferilibro |
| Designación de volumen o secuencia |
no. 70 |
| 9 (RLIN) |
377 |
| 942 ## - ELEMENTOS DE PUNTO DE ACCESO ADICIONAL (KOHA) |
| Fuente del sistema de clasificación o colocación |
Dewey Decimal Classification |
| Tipo de ítem Koha |
Libro |